La prestacin̤ por maternidad

Detalles Bibliográficos
Autor principal: Fernǹdez-Peinado Martn̕ez, Alicia
Formato: eBook
Lenguaje:español
Publicado: Albacete: Editorial Bomarzo, 2013
Materias:
Acceso en línea:Acceso restringido

MARC

LEADER 00000nam a22000007a 4500
005 20140403214222.0
007 cr|||| ||||
008 140403s2013 es |||||s|||| 00||0 spa d
035 |a 11853 
040 |a vLex 
090 |c 4755  |d 4755 
100 1 |a Fernǹdez-Peinado Martn̕ez, Alicia 
245 1 3 |a La prestacin̤ por maternidad  |h [Recurso electrn̤ico] /  |c Alicia Fernǹdez-Peinado Martn̕ez 
256 |a Servicio en ln̕ea 
260 |a Albacete:  |b Editorial Bomarzo,  |c 2013 
300 |a 1 recurso electrn̤ico 
506 |a Disponible solo en los productos indicados  |d vLex Global  |d vLex Global (Academic Edition, excluding Law Schools)  |d vLex Global (U.S. Academic Edition, Law Schools)  |d vLex Global (U.S. Academic Edition, excluding Law Schools)  |d vLex Global (Academic Edition, Law Schools) 
650 0 4 |a Derecho Civil  |z Espaą 
740 0 |a vLex Libros (Servicio en ln̕ea) 
856 4 0 |u http://vlex.com/source/prestacion-por-maternidad-11853  |z Acceso restringido 
942 |c BOOK 
999 0 |a Civil law